Normal view
MARC view
- EDUCATIONAL TECHNOLOGY- UNITED STATES - CASE STUDIES, COMPUTER ASSISTED INSTRUCTION - UNITED STATES- CASE STUDIES
Entry Topical Term
001 - CONTROL NUMBER
- control field: 62785
003 - CONTROL NUMBER IDENTIFIER
- control field: NUST
005 - DATE AND TIME OF LATEST TRANSACTION
- control field: 20210628203009.0
008 - FIXED-LENGTH DATA ELEMENTS
- fixed length control field: 210628|| aca||aabn | a|a d
040 ## - CATALOGING SOURCE
- Original cataloging agency: NUST
- Transcribing agency: NUST
150 ## - HEADING--TOPICAL TERM
- Topical term or geographic name entry element: EDUCATIONAL TECHNOLOGY- UNITED STATES - CASE STUDIES, COMPUTER ASSISTED INSTRUCTION - UNITED STATES- CASE STUDIES
670 ## - SOURCE DATA FOUND
- Source citation: Work cat.: (NUST): Means, Barbara, Penuel, William R, Padilla, Christine 62784, The connected school, technology and learning in high school, 2007
